OS/JS systém vstupu prác z účastnickych pracovísk

Enregistré dans:
Détails bibliographiques
Format: Livre
Langue:slovaque
Publié: Bratislava Datasystém 1982
Tags: Ajouter un tag
Pas de tags, Soyez le premier à ajouter un tag!

MARC

LEADER 00000nam a2200000 4500
001 c134739
005 20041019155302.1
041 0 |a slo 
044 |a SK 
245 1 0 |a OS/JS  |b systém vstupu prác z účastnickych pracovísk 
264 1 |a Bratislava  |b Datasystém  |c 1982 
300 |a 84 s.